Cinética y termodinámica en bioquímica

Sparad:
Bibliografiska uppgifter
Huvudupphovsmän: Bray, H. G (Författare, medförfattare), White B., K (Författare, medförfattare)
Materialtyp: Bok
Språk:spanska
Publicerad: Zaragoza Acribia 1958
Ämnen:
Taggar: Lägg till en tagg
Inga taggar, Lägg till första taggen!

MARC

LEADER 00000nam a2200000 a 4500
001 UCU3776
003 CL-VaPUC
008 960510e19580000SP |||||||||||||||||spa|d
082 0 4 |a 541.394  |b BRA  |2 21 
100 0 |a Bray, H. G  |e author  |9 360896 
700 0 |a White B., K  |e author  |9 360897 
245 1 0 |a Cinética y termodinámica en bioquímica 
300 |a 431 p 
942 |c BK 
945 |d 19960510 00:00:00  |a paguirre 
260 |a Zaragoza  |b Acribia  |c 1958 
650 0 |a Cinética  |9 260943 
650 0 |a Cinética química   |9 344779 
650 0 |a Termodinámica   |9 259320 
650 0 |a Termoquímica  |9 337401 
650 7 |a EQUILIBRIOS QUIMICOS  |2 CL-VaPUC  |9 336637 
650 0 |a Energía   |9 259431 
583 |a last modification  |c 20180403 10:58:30  |k Rodrigo Vera 
999 |c 247666  |d 247664 
952 |0 0  |1 0  |4 0  |6 541_394000000000000_BRA_1958  |7 0  |8 A  |9 263737  |a BIBCUR  |b BIBCUR  |d 2019-11-19  |i 3262189  |o 541.394 BRA 1958  |p 3262189  |r 2025-04-22  |w 2019-11-19  |y BK  |k BCB 
952 |0 0  |1 0  |4 0  |6 541_394000000000000_BRA_1958  |7 0  |8 A  |9 263738  |a BIBALI  |b BIBALI  |c GEN  |d 2019-11-19  |i 196786K  |o 541.394 BRA 1958  |p 196786K  |r 2025-01-20  |w 2019-11-19  |y BK  |k ALI